Fr. Conceicao Rodrigues College of Engineering

Fortran IV & Engg. Application (Record no. 34629)

MARC details
000 -LEADER
fixed length control field 00238nam a2200121Ia 4500
082 ## - DEWEY DECIMAL CLASSIFICATION NUMBER
Classification number 1.642
100 ## - MAIN ENTRY--PERSONAL NAME
Personal name Garg H.P
245 ## - TITLE STATEMENT
Title Fortran IV & Engg. Application
260 ## - PUBLICATION, DISTRIBUTION, ETC.
Name of publisher, distributor, etc. none
546 ## - LANGUAGE NOTE
Language note ENGLISH
654 ## - SUBJECT ADDED ENTRY--FACETED TOPICAL TERMS
Focus term Fortran
942 ## - ADDED ENTRY ELEMENTS (KOHA)
Koha item type BOOK
Holdings
Withdrawn status Lost status Damaged status Not for loan Collection Home library Current library Date acquired Cost, normal purchase price Total Checkouts Full call number Barcode Date last seen Cost, replacement price Price effective from Koha item type
        AFT Fr. Agnel's C.Rodrigues College of Engineering Fr. Agnel's C.Rodrigues College of Engineering 17/03/2023 21.25   1.642 AFT1170 17/03/2023 21.25 17/03/2023 BOOK